Normal view
MARC view
- Meredith,Jack R/ Mantel, Samuel J.
Entry Personal Name
001 - CONTROL NUMBER
- control field: 575
003 - CONTROL NUMBER IDENTIFIER
- control field: OSt
005 - DATE AND TIME OF LATEST TRANSACTION
- control field: 20160419162535.0
008 - FIXED-LENGTH DATA ELEMENTS
- fixed length control field: 160419|| aca||aabn | a|a d
040 ## - CATALOGING SOURCE
- Original cataloging agency: OSt
100 ## - HEADING--PERSONAL NAME
- Personal name: Meredith,Jack R/ Mantel, Samuel J.
